000 00533nam a2200181Ia 4500
003 OSt
005 20260218110402.0
020 _a978-0-69-779303-4
040 _cLC
050 _aHF 5657.4 .V 35 2011
100 _aValencia Community College
245 0 _aManegerial Accounting
260 _aUSA,
_bTHE McGRAW-HILL COMPANIES, INC,
_c2011,
300 _aXi, 656 P, ILL
500 _aINCLUDES BIBLIOGRAPHICAL REFERENCES AND INDEX
650 _aManagerial accounting-Textbooks Cost accounting, Business-Finance
942 _cBK
_2lcc
999 _c83027
_d83027